Guidelines for landscape and visual impact assessment. (Record no. 101309)

MARC details
000 -LEADER
fixed length control field 01294cam a2200277 4500
008 - FIXED-LENGTH DATA ELEMENTS--GENERAL INFORMATION
fixed length control field 000000n2001 000 0 eng u
020 ## - INTERNATIONAL STANDARD BOOK NUMBER
International Standard Book Number 041523185X
035 ## - SYSTEM CONTROL NUMBER
System control number (Sirsi) u111927
041 ## - LANGUAGE CODE
Language code of text/sound track or separate title eng.
050 ## - LIBRARY OF CONGRESS CALL NUMBER
Classification number 711.12
110 ## - MAIN ENTRY--CORPORATE NAME
Corporate name or jurisdiction name as entry element Landscape Institute
9 (RLIN) 134
245 ## - TITLE STATEMENT
Title Guidelines for landscape and visual impact assessment.
250 ## - EDITION STATEMENT
Edition statement 2nd ed.
260 ## - PUBLICATION, DISTRIBUTION, ETC.
Place of publication, distribution, etc. London
Name of publisher, distributor, etc. Spon Press
Date of publication, distribution, etc. 2001
300 ## - PHYSICAL DESCRIPTION
Extent 166p.
Dimensions 26cm.
350 ## - PRICE (NR) (BK AM CF MU VM SE) [OBSOLETE]
Price 35.00
520 ## - SUMMARY, ETC.
Summary, etc. Good practice guidelines which provide advice on assessing the landscape and visual impacts of development projects. Uses an iterative, assessment-based approach to design developing for all types and scales of development. Specific issues covered include: integration of landscape and visual issues into the development process; the need for a transparent approach to landscape and visual impact assessment; and reviewing the landscape and visual components of an Environmental Impact Statement.
650 ## - SUBJECT ADDED ENTRY--TOPICAL TERM
Topical term or geographic name entry element DEVELOPMENT
650 ## - SUBJECT ADDED ENTRY--TOPICAL TERM
Topical term or geographic name entry element ENVIRONMENTAL ASSESSMENT
650 ## - SUBJECT ADDED ENTRY--TOPICAL TERM
Topical term or geographic name entry element LANDSCAPE ASSESSMENT
650 ## - SUBJECT ADDED ENTRY--TOPICAL TERM
Topical term or geographic name entry element VISUAL IMPACT ASSESSMENT
650 ## - SUBJECT ADDED ENTRY--TOPICAL TERM
Topical term or geographic name entry element ENVIRONMENTAL IMPACT ASSESSMENTS
690 ## - LOCAL SUBJECT ADDED ENTRY--TOPICAL TERM (OCLC, RLIN)
Topical term or geographic name as entry element ENVIRONMENTAL AND LAND CONSULTANCY
710 ## - ADDED ENTRY--CORPORATE NAME
Corporate name or jurisdiction name as entry element Institute of Environmental Management and Assessment
9 (RLIN) 4033
942 ## - ADDED ENTRY ELEMENTS (KOHA)
Suppress in OPAC 0
Holdings
Withdrawn status Lost status Source of classification or shelving scheme Damaged status Not for loan Home library Current library Shelving location Date acquired Cost, normal purchase price Total Checkouts Full call number Barcode Date last seen Date last checked out Copy number Cost, replacement price Price effective from Koha item type
    Dewey Decimal Classification     London London Books 13/05/2002 29.75 12 711.12 30065831 06/08/2019 27/05/2009 1 29.75 06/08/2019 Book